A record Ajtó Automatizálási Kft költség- és eredményalakulásának elemzése, piaci helyzetének értékelése.

Bibliographic Details
Main Author: Malek Zsanett
Other Authors: Szijártó Boglárka
Format: Project work
Kulcsszavak:Eredményelemzés
Költségelemzés
Piaci helyzet
Online Access:http://dolgozattar.uni-bge.hu/16364

MARC

LEADER 00000nnm a2200000 i 4500
001 dolg16364
005 20180515130915.0
008 180515suuuu hu o 000 hun d
040 |a BGE Dolgozattár Repozitórium  |b hun 
041 |a hu 
100 1 |a Malek Zsanett 
245 1 2 |a A record Ajtó Automatizálási Kft költség- és eredményalakulásának elemzése, piaci helyzetének értékelése.  |c Malek Zsanett  |h [elektronikus dokumentum] 
246 1 1 |a A record Ajtó Automatizálási Kft költség- és eredményalakulásának elemzése, piaci helyzetének értékelése 
516 |a Project_work 
695 |a Eredményelemzés 
695 |a Költségelemzés 
695 |a Piaci helyzet 
700 1 |a Szijártó Boglárka  |e ths 
856 4 0 |u http://dolgozattar.uni-bge.hu/16364/1/z%C3%A1r%C3%B3dolgozat.pdf  |z Dokumentum-elérés 
856 4 0 |u http://dolgozattar.uni-bge.hu/16364/2/titkos%C3%ADt%C3%A1si.pdf  |z Dokumentum-elérés